Top 10 Songs by KISS - Statistics

General Stats
  • This quiz has been taken 12 times
  • The average score is 3 of 10
Answer Stats
Hint Answer % Correct
3 Detroit Rock City
58%
1 I Was Made for Lovin' You
50%
2 Rock and Roll All Nite
33%
5 Heaven's On Fire
25%
6 Lick It Up
25%
4 Love Gun
25%
9 Deuce
17%
8 Strutter
17%
7 Shout It Out Loud
8%
10 Black Diamond
0%
No matching quizzes found
Score Distribution
Percent of People with Each Score
Percentile by Number Answered
Your Score History
You have not taken this quiz